Southville International School and Colleges
Your cart is empty.
  • Cart
  • Lists
    Public lists Eva Luna New books Lux_list list_1
    Your lists Log in to create your own lists
  • Log in to your account
  • Your cookies
  • Search history
Southville International School and Colleges
  • Advanced search
  • Recent comments
  • Most popular
  • Libraries

Log in to your account

Log in with GOOGLE


If you do not have an external account, but do have a local account, you can still log in:

  1. Home
  2. MARC view: Decker's patterns of exposition 15 /
Normal view MARC view ISBD view

Decker's patterns of exposition 15 / (Record no. 9313)

[ view plain ]
MARC details
000 -LEADER
fixed length control field 01110pam a2200325 a 4500
001 - CONTROL NUMBER
control field 706875
003 - CONTROL NUMBER IDENTIFIER
control field OSt
005 - DATE AND TIME OF LATEST TRANSACTION
control field 20140310182107.0
008 - FIXED-LENGTH DATA ELEMENTS--GENERAL INFORMATION
fixed length control field 970108s1997 nyu b 000 0 eng
010 ## - LIBRARY OF CONGRESS CONTROL NUMBER
LC control number 97002028
020 ## - INTERNATIONAL STANDARD BOOK NUMBER
International Standard Book Number 0321012186 (pb)
040 ## - CATALOGING SOURCE
Original cataloging agency DLC
Transcribing agency DLC
Modifying agency DLC
050 00 - LIBRARY OF CONGRESS CALL NUMBER
Classification number PE 1417
Item number .P395 1998
082 00 - DEWEY DECIMAL CLASSIFICATION NUMBER
Classification number HS 808.0427
Item number D35 1998
245 00 - TITLE STATEMENT
Title Decker's patterns of exposition 15 /
Statement of responsibility, etc [edited by] Randall E. Decker, Robert A. Schwegler.
246 3# - VARYING FORM OF TITLE
Title proper/short title Decker's pattern of exposition fifteen
246 30 - VARYING FORM OF TITLE
Title proper/short title Patterns of exposition 15
246 3# - VARYING FORM OF TITLE
Title proper/short title Patterns of exposition fifteen
260 ## - PUBLICATION, DISTRIBUTION, ETC. (IMPRINT)
Place of publication, distribution, etc New York :
Name of publisher, distributor, etc Longman,
Date of publication, distribution, etc c1998.
300 ## - PHYSICAL DESCRIPTION
Extent 623 p. :
Dimensions 21 cm.
650 00 - SUBJECT ADDED ENTRY--TOPICAL TERM
Topical term or geographic name as entry element College readers.
9 (RLIN) 1718
650 00 - SUBJECT ADDED ENTRY--TOPICAL TERM
Topical term or geographic name as entry element Exposition (Rhetoric)
9 (RLIN) 11243
650 00 - SUBJECT ADDED ENTRY--TOPICAL TERM
Topical term or geographic name as entry element English language
General subdivision Rhetoric.
9 (RLIN) 13180
700 1# - ADDED ENTRY--PERSONAL NAME
Personal name Decker, Randall E.
700 1# - ADDED ENTRY--PERSONAL NAME
Personal name Schwegler, Robert A.
9 (RLIN) 13181
906 ## - LOCAL DATA ELEMENT F, LDF (RLIN)
a 7
b cbc
c orignew
d 1
e ocip
f 19
g y-gencatlg
942 ## - ADDED ENTRY ELEMENTS (KOHA)
Source of classification or shelving scheme Library of Congress Classification
Koha item type
Holdings
Withdrawn status Lost status Source of classification or shelving scheme Damaged status Home library Current library Shelving location Date acquired Total Checkouts Full call number Barcode Date last seen Copy number Price effective from Koha item type
    Library of Congress Classification   Luxembourg Library Luxembourg Library High School Section 08/24/2013   PE 1417 .P395 1998 8264 01/26/2017 1 08/24/2013 Books

Decker's patterns of exposition 15 /

APA

Decker R. E., Schwegler R. A., . (1998). Decker's patterns of exposition 15. New York: Longman.

Chicago

Decker Randall E, Schwegler Robert A, . 1998. Decker's patterns of exposition 15. New York: Longman.

Harvard

Decker R. E., Schwegler R. A., . (1998). Decker's patterns of exposition 15. New York: Longman.

MLA

Decker Randall E, Schwegler Robert A, . Decker's patterns of exposition 15. New York: Longman. 1998.

  • Place hold
  • Print
  • Cite
  • Add to your cart (remove)
  • Save record
    BIBTEX Dublin Core MARCXML MARC (non-Unicode/MARC-8) MARC (Unicode/UTF-8) MARC (Unicode/UTF-8, Standard) MODS (XML) RIS
  • More searches
    Search for this title in:
    Other Libraries (WorldCat) Other Databases (Google Scholar) Online Stores (Bookfinder.com) Open Library (openlibrary.org)

Exporting to Dublin Core...

SOUTHVILLE LIBRARY

Southville International School and Colleges Library

1281 Tropical Ave. Cor. Luxembourg St., BF Homes International, Las Pinas City

Tel. No. 8256374 / 252358 Loc. 117/146

Powered by Koha